Central Library OPAC University of Rajshahi

প্রাচীন ভারতের ইতিহাস / (Record no. 55364)

MARC details
000 -LEADER
fixed length control field 00898nam a22002297a 4500
001 - CONTROL NUMBER
control field 55364
003 - CONTROL NUMBER IDENTIFIER
rucl marc code BD-RjUL
005 - DATE AND TIME OF LATEST TRANSACTION
control field 20211209080244.0
008 - FIXED-LENGTH DATA ELEMENTS--GENERAL INFORMATION
fixed length control field 161116s1987 ii ||||| |||| 00| 0 ben d
035 ## - SYSTEM CONTROL NUMBER
System control number (BD-RjUL)55486
040 ## - CATALOGING SOURCE
Original cataloging agency BD-RjUL
Language of cataloging ben
Transcribing agency BD-RjUL
041 ## - LANGUAGE CODE
Language code of text/sound track or separate title ben
082 ## - DEWEY DECIMAL CLASSIFICATION NUMBER
Edition number 23
Classification number 954.02
Author mark and year CHB 1987
100 ## - MAIN ENTRY--PERSONAL NAME
Personal name চট্রোপাধ্যায়, সুনীল
9 (RLIN) 164923
245 10 - TITLE STATEMENT
Title প্রাচীন ভারতের ইতিহাস /
Statement of responsibility, etc. সুনীল চট্রোপাধ্যায়
260 ## - PUBLICATION, DISTRIBUTION, ETC. (IMPRINT)
Place of publication, distribution, etc. কলিকাতা :
Name of publisher, distributor, etc. পশ্চিমবঙ্গ রাজ্য পুস্তক পরিষদ,
Date of publication, distribution, etc. ১৯৮৭ [১৩৯৪]
300 ## - PHYSICAL DESCRIPTION
Pagination খণ্ড. ;
Size ২১ সেমি .
505 0# - FORMATTED CONTENTS NOTE
Formatted contents note খণ্ড ২ --
651 ## - SUBJECT ADDED ENTRY--GEOGRAPHIC NAME
Geographic name ভারত
General subdivision ইতিহাস
9 (RLIN) 164924
Geographic name India
General subdivision History
9 (RLIN) 164925
942 ## - ADDED ENTRY ELEMENTS (KOHA)
Source of classification or shelving scheme Dewey Decimal Classification
Koha item type Books
Holdings
Lost status Source of classification or shelving scheme Damaged status Not for loan Collection code Permanent Location Current Location Shelving location Date acquired Source of acquisition Cost, normal purchase price Total Checkouts Full call number Date last seen Date checked out Copy number Koha item type
  Dewey Decimal Classification     Non-fiction Central Library, University of Rajshahi Central Library, University of Rajshahi   06/08/1989 Varotio High Comissioner, Rajshahi 32.00 2 B 954.02 CHB V-2 1987 22/12/2022 07/12/2022 C-2 Books